00311 a2200109 4500082002200000100002400022245003200046260004200078300002200120650003600142700002300178 a864.972.84bH888p aMixco Huezo, Miguel aLa perversion de la cultura aEl SalvadorbEditorial Arcoirisc1999 a154 pbillc21 cm aliteraturaxensayozEl Salvador aMiguel Huezo Mixco